000
00370nam a2200169Ia 4500
003
0100
008
130307s9999 xx 000 0 und d
040
_c
ARRUPELIB
050
_a
LB875.F525
100
_a
Fitzpatrick, Edward Augustus
245
_a
I believe in education
260
_a
NY
260
_b
Sheed Ward
260
_c
1938
300
_a
218p
942
0
0
_0
9
999
_c
85067
_d
85067